MARC

LEADER 00000nam^a2200000^a^4500
001 000184527
005 20250521000000.0
009 20260310102119.482
037 |a Acervo ITESO - Biblioteca 
041 |a ESP 
082 |a 331. 7610972532  |b CAS 
100 |a Castañeda, Fernando  |e (autor) 
245 1 0 |a División del trabajo y reclutamiento de mano de obra en la industria manufacturera de la ciudad de México /  |c F. Castañeda. 
264 |a México :  |b Departamento del Distrito Federal, Delegación Venustiano Carranza,  |c 1978 
300 |a 26 p. 
336 |a texto  |b txt  |2 rdacontenido 
337 |a sin mediación  |b n  |2 rdamedio 
338 |a volumen  |b nc  |2 rdasoporte 
440 1 |a (Temas de la Ciudad ;  |v 6) 
649 |a XX 
650 |a Obreros -  |z México (Ciudad) -  |x Condiciones Laborales 
650 |a Obreros -  |z México -  |x Condiciones Laborales 
650 |a Trabajo -  |z México (ciudad) -  |x Estadísticas 
650 |a Trabajo -  |z México -  |x Estadísticas 
650 |a Movilidad en el Trabajo -  |z México (Ciudad) -  |x Estadísticas 
650 |a Movilidad en el Trabajo -  |z México -  |x Estadísticas 
650 |a División del Trabajo -  |z México (Ciudad) 
650 |a Dvisión del Trabajo -  |z México 
650 |a Relaciones Laborales -  |z México (Ciudad) 
650 |a Relaciones Laborales -  |z México 
650 |a Empleo y Desempleo -  |z México (Ciudad) 
650 |a Empleo y Desempleo -  |z México 
650 |a Economía Laboral -  |z México (Ciudad) 
650 |a Economía Laboral -  |z México 
650 |a Industria Manufacturera -  |z México (Ciudad) 
650 |a Industria Manufacturera -  |z México 
650 |a Industria -  |z México (Ciudad) 
650 |a Industria -  |z México 
650 |a Sectores Económicos -  |z México (Ciudad) 
650 |a Sectores Económicos -  |z México 
650 |a Desarrollo Económico-Social -  |z México (Ciudad) -  |x Investigación 
650 |a Desarrollo Económico-Social -  |z México -  |x Investigación 
650 |a México -  |x Condiciones Económicas 
650 |a Economía 
910 |a Fondo General 
920 |a Impresos - Libros 
930 |a Colección General 
905 |a 101 
901 |a 0500125484  |b IT1  |c ACC  |u 20250521 
902 |a https://opac.biblio.iteso.mx/vufind/Record/000184527